Atravesando el desierto : balance y perspectivas del marxismo en el siglo XXI /

Bibliographic Details
Main Author: Manzanera Salavert, Miguel (Author)
Format: Electronic eBook
Language:Spanish
Published: [Vilassar de Dalt, Barcelona] : El Viejo Topo, [2021]
Subjects:
Online Access:Digitalia Hispánica

MARC

LEADER 00000nam a2200000Ii 4500
001 DIGVIETO240
003 NyNyDIG
006 m o d
007 cr |||||||||||
008 220628s2021 sp ob 000 0 spa d
035 |a (OCoLC)1335131284 
040 |a DGITA  |b eng  |e rda  |e pn  |c DGITA 
020 |z 9788416288359 
050 1 4 |a B809.8 ebook 
100 1 |a Manzanera Salavert, Miguel,  |e author. 
245 1 0 |a Atravesando el desierto :  |b balance y perspectivas del marxismo en el siglo XXI /  |c Miguel Manzanera Salavert. 
264 1 |a [Vilassar de Dalt, Barcelona] :  |b El Viejo Topo,  |c [2021] 
300 |a 1 online resource. 
336 |a text  |b txt  |2 rdacontent 
337 |a computer  |b c  |2 rdamedia 
338 |a online resource  |b cr  |2 rdacarrier 
347 |a text file  |2 rdaft 
347 |b PDF 
504 |a Includes bibliographical references. 
588 0 |a Online resource; title from PDF title page (Digitalia, viewed June 28, 2022) 
650 0 |a Dialectical materialism  |y 21st century. 
655 0 |a Electronic books. 
791 2 |a Digitalia (Firm),  |e distributor. 
793 0 |g Digitalia eBook Collection:  |a El Viejo Topo 
776 0 8 |i Print version:  |a Manzanera Salavert, Miguel.  |t Atravesando el desierto.  |d [Vilassar de Dalt, Barcelona] : El Viejo Topo, [2021]  |z 9788416288359 
856 4 0 |3 Digitalia Hispánica  |u https://www.digitaliapublishing.com/a/57580/ 
910 |a Premium collection: 2022